| 000 | 01026nam a22002417a 4500 | ||
|---|---|---|---|
| 999 |
_c12288 _d12288 |
||
| 003 | AR-CdUCM | ||
| 008 | 190408b ||||| |||| 00| 0 spa d | ||
| 040 |
_aMUNICIPALIDAD PROVINCIAL DEL CUSCO _cBIBLIOTECA MUNICIPAL DEL CUSCO |
||
| 041 | _heng | ||
| 082 |
_a617 / _bH76 / 1939 |
||
| 100 |
_aHorsley, J. Shelton _930073 |
||
| 245 | _aCirugía operatoria / | ||
| 260 |
_aArgentina : _bEditorial hispano americana, _c1939. |
||
| 300 |
_aTomos ; _bFotografías, Ilustraciones, _c27 cm. |
||
| 505 | _aContenido: t.1: Reflexiones generales - Canalización y desagüe quirúrgicos - Técnicas, suturas e instrumental - Principios que rigen el tratamiento quirúrgicos de los neoplasmas malignos... t.2: Pericardio y Corazón -- Amasamiento Cardíaco -- El Mediastino ... | ||
| 650 |
_aMedicina _93637 |
||
| 650 |
_aCirugías _930074 |
||
| 650 |
_aTratamientos quirúrgicos _930075 |
||
| 700 |
_aBigger, Isaac A. _930076 |
||
| 700 |
_aGarrera, Oscar G. (traductor) _930077 |
||
| 942 |
_2ddc _cLIBROS |
||
| 945 |
_adavv _d08/04/2019 |
||